000 00345 a2200121 4500
001 147136
040 _cEscola São Tomás de Aquino
100 _aVILELA, Antonio Carlos
240 1 0 _aMais coisas que toda garota deve saber
_lpor
245 1 0 _aMais coisas que toda garota deve saber
697 _aEducação sexual / Higiene sexual
942 _cBK
999 _c147136
_d147136